000 00974nas a2200301 4500
001 BR2012004075
003 BR-BrBNA
005 20231205120652.0
007 ta
008 230509b bl.|||p| |||| 00| 00por d
040 _aBR-BrBNA
_bpor
_cBiblioteca Nacional de Agricultura
041 _a(Pt)
072 _aP06
100 1 _aMota, C.S.
100 1 _aCorrêa, T.R.
100 1 _aGrossi, J.A.S.
100 1 _aCastricini, A.
100 1 _aRibeiro, A. da S.
245 1 _aExploração sustentável da macaúba para produção de biodiesel: colheita, pós-colheita e qualidade dos frutos
650 _aMACAÚBA
650 _aPALMEIRA OLEAGINOSA
650 _aBIOCOMBUSTÍVEL
650 _aÓLEO VEGETAL
650 _aFRUTO
773 0 _tInforme Agropecuário- Empresa de Pesquisa Agropecuária de Minas Gerais (Brazil)
_xISSN 0100-3364
_g(Nov-Dec 2011), v. 32(265) p. 41-51
_wBR2012004075
909 _a202311
_bLúcia
_c55
_dLúcia Elande
942 _2AGRIS
_n0
_cANA
999 _c219666
_d219666